| 000 | 01382cam a2200337 a 4500 | ||
|---|---|---|---|
| 005 | 20060727202709.0 | ||
| 008 | 970612s1997 ii b 001 0 eng | ||
| 010 | _aENG-95514 | ||
| 020 |
_a9780198062769 _c725.00 |
||
| 020 |
_a0198062761 _c725.00 |
||
| 035 | _aEN-79047 | ||
| 037 | _bDBAD/PUB | ||
| 040 | _aDPL | ||
| 082 | _a232 | ||
| 100 | _aHudson, D. Dennis | ||
| 245 |
_aKrishna’s mandala : _cD. Dennis Hudson ; edited and introduced by John Stratton Hawley with a foreword by Romila Thapar. _bBhagavata religion and beyond / |
||
| 246 | _aBhagavata religion and beyond | ||
| 260 |
_a New Delhi _bOxford University Press, _c2010 |
||
| 270 |
_aYMCA building, Jai singh road _bNew Delhi _e110001 |
||
| 300 |
_axxxvi, 298 p. _c22 cm.(Hb) _bill., map |
||
| 500 | _aIncludes bibliographical references and index. | ||
| 650 |
_aVaishnavism _zIndia _zTamil Nadu |
||
| 650 |
_aKrishna (Hindu deity) _xCult _zIndia _zTamil Nadu |
||
| 650 |
_aHindu temples _zIndia _zTamil Nadu |
||
| 651 |
_aTamil Nadu (India) _xReligion. |
||
| 700 | _aHawley, John Stratton | ||
| 856 | _uhttp://www.loc.gov/catdir/enhancements/fy0640/97900357-d.html | ||
| 942 |
_2ddc _cEN _mHUD _h232 |
||
| 999 |
_c31950 _d31950 |
||